Winfield and jolowicz on Tort (Record no. 6401)

MARC details
000 -LEADER
fixed length control field 00419nam a22001697a 4500
005 - DATE AND TIME OF LATEST TRANSACTION
control field 20210904103101.0
008 - FIXED-LENGTH DATA ELEMENTS--GENERAL INFORMATION
fixed length control field 200521b xxu||||| |||| 00| 0 eng d
020 ## - INTERNATIONAL STANDARD BOOK NUMBER
ISBN 9789384746407
041 ## - LANGUAGE CODE
Language code of text/sound track or separate title eng
082 ## - DEWEY DECIMAL CLASSIFICATION NUMBER
Classification number 346.42 PEE
100 ## - MAIN ENTRY--AUTHOR NAME
Personal name Peel , Edwin Goupkamo , James
245 ## - TITLE STATEMENT
Title Winfield and jolowicz on Tort
260 ## - PUBLICATION, DISTRIBUTION, ETC. (IMPRINT)
Place of publication Delhi
Name of publisher Sweet and Max well
300 ## - PHYSICAL DESCRIPTION
Number of Pages 852p.
650 ## - SUBJECT ADDED ENTRY--TOPICAL TERM
Topical Term LAW
942 ## - ADDED ENTRY ELEMENTS (KOHA)
Koha item type Books
Holdings
Lost status Damaged status Collection code Home library Current library Shelving location Date acquired Source of acquisition Cost, normal purchase price Full call number Accession Number Koha item type
    Reference JRU Library JRU Library SHELF-1-C 02/06/2020 PURCHASE 325.00 346.42 PEE 24272 Books
    LAW JRU Library JRU Library SHELF-29-C 02/06/2020 PURCHASE 325.00 346.42 PEE 24273 Books
    LAW JRU Library JRU Library SHELF-29-C 02/06/2020 PURCHASE 325.00 346.42 PEE 24274 Books
    LAW JRU Library JRU Library SHELF-29-C 02/06/2020 PURCHASE 325.00 346.42 PEE 24275 Books